000 01040nam a22003137a 4500
001 00001101
003 DO-SdBPM
005 20250721092814.0
007 00001101
008 160601b 1998 sp |||| 00| 0 spa d
020 _a8482111361
040 _aDO-SdBPM
_bspa
_cBPMSU
_erda
082 4 _a927.544
_bG613S 1998
_222
100 1 _aSpence, David
240 1 0 _aVincent Van Gogh
_lEspañol.
245 1 0 _aVicent Van Gogh :
_barte y emoción /
_cDavid Spence ; traducción Rafael Fontes.
264 _aMadrid :
_bCeleste Ediciones,
_c1998.
300 _a31 páginas :
_bilustraciones ;
_c25 cm.
336 _atexto
_btxt
_2rdacontent
337 _asin mediación
_bn
_2rdamedia
338 _avolumen
_bnc
_2rdacarrier
490 0 _aGrandes artistas ;
_v4
590 _aInventariado, 2025/VM
600 1 4 _aGogh, Vincent van,
_d1853-1890
_xTrabajos artísticos.
650 7 _aPintores holandeses
_vBiografías.
700 1 _aFontes, Rafael,
_etraductor
910 _aVMateo V. Control de calidad BPMSU
942 _2ddc
_cBK
999 _c10253
_d10253